Challenge of Rural Health to Women. (Record no. 8482)

MARC details
000 -LEADER
fixed length control field 00588nam a2200229 a 4500
020 ## - INTERNATIONAL STANDARD BOOK NUMBER
ISBN 9971948
082 00 - DEWEY DECIMAL CLASSIFICATION NUMBER
Classification number 305.4
Author Cutter CCA
245 ## - TITLE STATEMENT
Title Challenge of Rural Health to Women.
260 ## - PUBLICATION, DISTRIBUTION, ETC. (IMPRINT)
Place of publication Singapore
Name of publisher Christian Conference of Asia
Year of publication 1983
300 ## - PHYSICAL DESCRIPTION
Number of Pages 43p
500 ## - GENERAL NOTE
General note includes index and biblioraphy
505 2# - FORMATTED CONTENTS NOTE
Formatted contents note Index
650 ## - SUBJECT ADDED ENTRY--TOPICAL TERM
Topical Term Catacombs-Church
942 ## - ADDED ENTRY ELEMENTS (KOHA)
Koha item type Books
Holdings
Collection code Home library Current library Date acquired Cost, normal purchase price Full call number Accession Number Koha item type
  Henry Martyn Institute Library Henry Martyn Institute Library 03/20/2007 100.00 305.4 CCA 012654 Books
                   Copyright © 2026 | Henry Martyn Institute | Hyderabad | TS-500052 | INDIA | Implemented by hmi.edu.in
Hit-Count:

Powered by Koha